The status and function of tone in tira (Record no. 64204)
[ view plain ]
| 000 -LEADER | |
|---|---|
| fixed length control field | 00305nam a2200121 4500 |
| 082 0# - DEWEY DECIMAL CLASSIFICATION NUMBER | |
| Classification number | 414 |
| 100 1# - MAIN ENTRY--PERSONAL NAME | |
| Personal name | Watters, Kathie Swanson |
| 245 10 - TITLE STATEMENT | |
| Title | The status and function of tone in tira |
| Statement of responsibility, etc | Kathie Swanson Watters |
| 260 ## - PUBLICATION, DISTRIBUTION, ETC. (IMPRINT) | |
| Date of publication, distribution, etc | c.1993 |
| 300 ## - PHYSICAL DESCRIPTION | |
| Extent | 140 p. |
| 700 1# - ADDED ENTRY--PERSONAL NAME | |
| Personal name | Watters, Kathie Swanson |
| 942 ## - ADDED ENTRY ELEMENTS (KOHA) | |
| Source of classification or shelving scheme | |
| Koha item type | Books |
No items available.
